Envy / (Registro nro. 14490)

Detalles MARC
000 -LIDER
fixed length control field 00725cam a2200253 a 4500
001 - NÚMERO DE CONTROL
Identificador de número de control 12393492
003 - IDENTIFICACDOR DE NÚMERO DE CONTROL
control field DO-SdBNP
005 - DATE AND TIME OF LATEST TRANSACTION
control field 20231114130253.0
008 - ELEMENTOS DE LONGITUD FIJA
fixed length control field 010427s2001 nyu 000 1 eng
020 ## - ISBN
International Standard Book Number 0446527130
040 ## - FUENTE DE CATALOGACIÓN
Agencia que crea de manera original el registro BPMSU
Idioma de catalogación spa
Agencia que realiza la transcripción BPMSU
082 #4 - NÚMERO DE CLASIFICACIÓN DECIMAL DE DEWEY
Classification number 813.5
Item number B877e 2001
Edition number 22
100 1# - ASIENTO PRINCIPAL -- NOMBRE PERSONAL
Nombre personal Brown, Sandra,
Fechas asociadas con el nombre 1948-
245 10 - MENCIÓN DE TITULO
Título Envy /
Mención de responsabilidad Sandra Brown.
260 ## - PUBLICACIÓN, DISTRIBUCIÓN, ETC. (PIE DE IMPRENTA)
Lugar de publicación, distribución, etc New York :
Nombre del editor, distribuidor, etc. Warner Books,
Fecha de publicación, distribución, etc 2001.
300 ## - DESCRIPCIÓN FÍSICA
Extensión 490 p. ;
Dimensiones 24 cm.
500 ## - NOTA GENERAL
Materiales especificados A novel by the # 1 new york times bestselling author
590 ## - NOTA LOCAL
Texto de la nota local Inventariado,. 2023/VM
650 #4 - ENCABEZAMIENTO DE MATERIA--TEMÁTICO
Término temático o nombre geográfico como elemento de entrada Novela estadounidense
650 #4 - ENCABEZAMIENTO DE MATERIA--TEMÁTICO
Término temático o nombre geográfico como elemento de entrada Venganza
Subdivisión de forma Novela
655 #7 - INDEX TERM--GENRE/FORM
Genre/form data or focus term Suspense fiction.
Source of term gsafd
910 ## - VALIDACIÓN
Validación VMateo V. Control de calidad. BPMSU
942 ## - ADDED ENTRY ELEMENTS (KOHA)
Source of classification or shelving scheme Dewey Decimal Classification
Koha item type Libros
Existencias
Withdrawn status Lost status Source of classification or shelving scheme Damaged status Not for loan Collection code Home library Current library Date acquired Total Checkouts Full call number Barcode Date last seen Price effective from Koha item type
    Dewey Decimal Classification     Colección General Biblioteca Pública Metropolitana Salomé Ureña Biblioteca Pública Metropolitana Salomé Ureña 11/14/2023   BPMSU CG 813.5 B877e 2001 BPMSU23110010 11/14/2023 11/14/2023 Libros